Missing Word: Presidential Nicknames Quiz Stats

 Plays Quiz Updated Oct 27, 2017

Challenge
Share
Tweet
Embed
Score 0/20 Timer 03:00
0 Plays Today
Nickname Missing Word % Correct
The _____ of his CountryFather
93.3%
Give 'em _____ HarryHell
87.9%
The _____ CommunicatorGreat
81.7%
_____ DickTricky
80.6%
Old _____Hickory
72.3%
Old _____ and ReadyRough
64.7%
Slick _____Willie
63.3%
_____ CalSilent/Cautious/Cool
62.9%
Father of the _____Constitution
60.1%
The Great _____Emancipator
53.5%
Nickname Missing Word % Correct
Unconditional _____ GrantSurrender
46.4%
The Sage of _____Monticello
45.2%
The Trust _____Buster
38%
_____ FraudulencyHis
27.1%
Old _____Kinderhook
12.9%
The _____ IcebergHuman
9.9%
_____ JumboUncle
7.1%
The Last _____ HatCocked
5.9%
The _____ of IndependenceColossus
5.1%
The _____ PresidentDude
3.9%

Today's Daily Dose

Quick Pick
The Muppets

On This Day
December 19th II

You're not logged in!

Compare scores with friends on all Sporcle quizzes.
OR
Log In

You Might Also Like...

Show Comments

Extras

Top Quizzes Today


Score Distribution

Your Account Isn't Verified!

In order to create a playlist on Sporcle, you need to verify the email address you used during registration. Go to your Sporcle Settings to finish the process.

Report this User

Report this user for behavior that violates our Community Guidelines.

Details: